| 000 | 00562nam a2200169 a 4500 | ||
|---|---|---|---|
| 005 | 20140412111306.0 | ||
| 008 | 010503s19uu xx 00 eng d | ||
| 020 | _a0-89486-776-8 | ||
| 050 |
_aTR(PS E _bPl71 1991 |
||
| 100 | _aJessie | ||
| 245 |
_aPlease tell! a child's story about sexual abuse / _cwritten and illustrated by Jessie; with a foreword by Sandra Hewitt, Ph.D. |
||
| 260 |
_aCenter City, MN : _bHazelden Educational Materials, _c1991. |
||
| 300 | _a1v. (unp.) ; ill. | ||
| 650 | _aAbuse-Stories | ||
| 650 | _aFeelings-Fiction | ||
| 999 |
_c103711 _d103711 |
||